Jakou státní statistiku potřebujeme

Reakcia na článok prof. J. Jílka (Finance a úvěr, č.3, 1993). Autor suhlasí s tromi názormi - užitočnosť centralizácie štatistiky, priority štatistiky a povinnosť štatistického úradu dopredu zverejňovať termíny publikovania nových dát. Otázka interpretácie dát.

Guardado en:
Detalles Bibliográficos
Autor principal: Outrata, Edvard
Formato: Capítulo de libro
Lenguaje:checo
Materias:
Etiquetas: Agregar Etiqueta
Sin Etiquetas, Sea el primero en etiquetar este registro!

MARC

LEADER 00000naa a2200000 4500
001 r014414
005 20221205075822.1
041 0 |a cze 
044 |a CZ 
245 1 0 |a Jakou státní statistiku potřebujeme  |c E. Outrata 
520 |a Reakcia na článok prof. J. Jílka (Finance a úvěr, č.3, 1993). Autor suhlasí s tromi názormi - užitočnosť centralizácie štatistiky, priority štatistiky a povinnosť štatistického úradu dopredu zverejňovať termíny publikovania nových dát. Otázka interpretácie dát. 
610 2 0 |a štatistika úradná 
610 2 0 |a štatistika celoštátna 
610 2 0 |a údaje štatistické 
610 2 0 |a Česko 
610 2 0 |a úrady štatistické 
100 1 |a Outrata, Edvard